Histoire du Royaume-Uni pour les nuls. - Statistiques

Statistiques générales
  • Ce quiz a été pris 28 973 fois
    28 171 depuis la dernière actualisation
  • Le résultat moyen est 14 sur 20
Statistiques - réponses
Question Réponse % Correct
Qui était le Premier Ministre britannique durant la majeure partie de la Seconde Guerre mondiale? Winston Churchill
96%
Quel pays fusionna avec l'Angleterre pour former le Royaume-Uni en 1707? Écosse
93%
À quel pays l'Angleterre s'est-elle opposée durant la Guerre de Cent Ans? France
92%
Quel membre de la famille royale est morte lors d'un accident de voiture après avoir été poursuivie par des paparazzi en 1997? Princesse Diana
92%
Quel dramaturge a écrit Hamlet, Macbeth, et Romeo et Juliette? William Shakespeare
88%
Quelle union politique le Royaume-Uni a décidé de quitter en 2016 et a réellement quitté en 2020? Union Européenne
85%
Quelle reine régna sur le Royaume-Uni de 1837 à 1901? Victoria
80%
Quelle «révolution» commença au Royaume-Uni à la fin du XVIIIème siècle, suscitant une augmentation de la prospérité matérielle? Révolution {Industrielle}
79%
Quel était le pays le plus peuplé de l'Empire britannique avant son indépendance en 1947? Inde
77%
Quelle théorie décrit Charles Darwin dans De l'origine des espèces? Sélection naturelle
75%
Quel pays a tenté d'envahir l'Angleterre avec son "Invincible Armada" en 1588? Espagne
72%
Quel territoire le Royaume-Uni a-t-il acheté à la Chine en 1842 et lui a rendu en 1997? Hong Kong
69%
Quel était le surnom du roi Richard Ier? Cœur de Lion
68%
Quel type de personnes l'Angleterre a-t-elle envoyé en Australie de 1787 à 1868? Condamnés
59%
Quel roi a eu six femmes différentes, dont deux ont été décapitées? Henri VIII
58%
Quel célèbre cercle de pierres a été construit dans le Wiltshire il y a au moins 4000 ans? Stonehenge
53%
Quel peuple a envahi l'Angleterre en 1066? Normand
41%
Quelles série de conflits opposa la maison de Lancaster à la maison d'York? Guerre des Deux-{Roses}
38%
Quelle charte, plaçant des limites au pouvoir royal, le roi Jean sans Terre a-t-il acceptée en 1215? {Magna} Carta
38%
Quel nom a été porté par six rois, parmi lesquels le troisième était fou? George
33%
Aucun quiz correspondant
Distribution des résultats
% des personnes avec chaque résultat
Percentile par nombre de réponses
Votre historique - résultats
Vous n’avez pas pris ce quiz depuis la dernière actualisation